Chansons de Ninho - Album M.I.L.S 3 - Statistiques

Statistiques générales
  • Ce quiz a été pris 28 fois
  • Le résultat moyen est 12 sur 17
Statistiques - réponses
Ordre dans l'album Chansons % Correct
01 Intro
90%
12 Lettre à une femme
90%
02 M.I.L.S 3
90%
08 En chien
81%
03 Zipette
81%
17 Filon
76%
04 Gros vendeurs
76%
09 Centre commercial
71%
14 Le jeu
71%
05 Promo
67%
15 Bali
62%
11 C'était le rap
62%
07 La puerta
62%
16 Millésimes
62%
10 Tu sais qu'on est gang
62%
13 Every Day
52%
06 Mauvais djo
43%
Aucun quiz correspondant
Distribution des résultats
% des personnes avec chaque résultat
Percentile par nombre de réponses
Votre historique - résultats
Vous n’avez pas pris ce quiz